Responses for Show #6651 - Monday, July 15, 2013

Mark Japinga game 3.

Contestants

[<< previous game]

Deborah Stowell, a library shelver and pet sitter from St. Charles, Illinois

Bradley King, a theater and opera lighting designer from New York, New York

Mark Japinga, a legislative researcher from Washington, D.C. (whose 2-day cash winnings total $59,499)

[next game >>]

Jeopardy! Round responses

1983--30 YEARS AGO
(Alex: You three are too young to remember.)
NATURAL WONDERS
VWLLSS
(Alex: Vowelless--we'll give you the clue, minus the vowels.)
OTHER JULY OBSERVANCES
HIGH
"MIGHTY"
    $200 2
the Challenger

Mark
    $200 16
Victoria Falls

Bradley
    $200 26
mutual

Mark
    $200 6
the Korean War

Mark
    $200 21
basketball

Mark
    $200 11
Mighty Mouse

Mark
    $400 3
Lech Walesa

Triple Stumper
    $400 17
the Great Barrier Reef

Mark
    $400 27
exfoliate

Mark
    $400 7
Ice Cream Day

Mark
    $400 22
(Mark: What is magna cum laude?)

summa cum laude

MarkBradley
    $400 12
Bruce Almighty

Deborah
    $600 1
(Mark: What is Footloose?)

Flashdance

MarkBradley
    $600 18
(Mark: What is altar rock?)

pulpit rock

Mark
Triple Stumper
    $600 28
Iroquois

Mark
    $600 8
Canada Day

Mark
    $600 23
the Eiffel Tower

Mark
    $600 13
the Mighty Ducks (of Anaheim)

Deborah
    $1,000 4
(Mark: Ummm... I don't know... what are elections?)

the Hitler Diaries

Mark
    $800 19
the Bay of Biscay

Mark
    $800 29
overbite

Mark
    $800 9
Nicaragua

Triple Stumper
    $800 24
the trade deficit

Bradley
    $800 14
A Mighty Wind

Bradley
    $1000 5
Harold Washington

Deborah
    $1000 20
the Blue Grotto

Deborah
    $1000 30
utopia

Mark
    $1000 10
Sinclair Lewis

Triple Stumper
    $1000 25
the Alps

Mark
    $1000 15
the Mighty Mighty Bosstones

Mark

Scores at the first commercial break (after clue 13):

Mark Bradley Deborah
$0 $600 $2,000

Scores at the end of the Jeopardy! Round:

Mark Bradley Deborah
$6,000 $2,800 $3,000

Double Jeopardy! Round responses

BOOKS' BEGINNINGS
50 SHADES OF GRAHAM
TREES
FROM A TO E
(Alex: Each correct response will begin with an "A" and end with an "E".)
(Alex: We want you to name the series in...)
TV TITLE GUYS & GALS
IT'S CHOPPER ALEX WITH TRAFFIC
    $400 3
burn

Mark
    $400 21
the Sears Tower

Mark
    $400 2
cacao

Deborah
    $400 15
an acre

Mark
    $400 10
Frasier

Bradley
    $400 27
Albuquerque

Mark
    $800 4
families

Mark
    $800 19
the (Cleveland) Browns

Mark
    $800 1
lemon tree

Triple Stumper
    $800 23
albacore

Bradley
    $800 11
House

Bradley
    $800 17
the George Washington Bridge

Mark
    $1200 5
Marley

Bradley
    $1200 18
Martha Graham

Bradley
    $1200 28
myrtle

Mark
    $1200 24
an abode

Mark
    $1200 12
Bones

Mark
    $1200 8
Memphis

Mark
    $1600 6
Kansas

Mark
    $1600 20
vegetarianism

Deborah
    $2,300 29
(Mark: I have no idea.)

the horse chestnut

Mark
    $3,000 25
(Alex: Nothing?)
(Mark: [Shaking his head] I don't know.)

adulterate

Mark
    $1600 13
Magnum, P.I.

Mark
    $1600 9
(Bradley: What is Iowa?)

South Dakota

BradleyDeborah
    $2000 7
Princeton

Triple Stumper
    $2000 22
Graham Greene

Deborah
    $2000 30
Dutch elm

Mark
    $2000 26
(Deborah: What is agate?)

aggregate

Deborah
Triple Stumper
    $2000 14
Fish

Deborah
    $2000 16
Denver

Mark

Scores at the end of the Double Jeopardy! Round:

Mark Bradley Deborah
$16,700 $5,600 $8,600

[wagering suggestions for these scores]

Final Jeopardy! Round responses

OPERA
BradleyWhat is Aida
$5,599
DeborahWhat is Aida?
$8,101
MarkWhat is Aida Aida
$501
Aida

Final scores:

Mark Bradley Deborah
$17,201 $11,199 $16,701
3-day champion: $76,700 3rd place: $1,000 2nd place: $2,000

Game dynamics:

Coryat scores:

Mark Bradley Deborah
$23,000 $5,600 $8,600
31 R,
6 W
(including 3 DDs)
10 R,
1 W
9 R,
1 W

Combined Coryat: $37,200

[game clues] [game scores] [suggest correction]

Game tape date: 2013-04-15
The J! Archive is created by fans, for fans. Scraping, republication, monetization, and malicious use prohibited; this site may use cookies and collect identifying information. See terms. The Jeopardy! game show and all elements thereof, including but not limited to copyright and trademark thereto, are the property of Jeopardy Productions, Inc. and are protected under law. This website is not affiliated with, sponsored by, or operated by Jeopardy Productions, Inc. Join the discussion at JBoard.tv.